What Do I Need With Love Lyrics Quiz Stats

 Plays Quiz not verified by Sporcle

Also try: Who's On First?
Challenge
Share
Tweet
Embed
Score 0/279 Timer 08:00
0 Plays Today
% Correct
the
91.7%
I
91.7%
I
91.7%
a
91.7%
a
91.7%
I
91.7%
The
91.7%
and-
91.7%
a
91.7%
a
91.7%
a
91.7%
with
91.7%
a
91.7%
the
91.7%
a
91.7%
the
91.7%
the
91.7%
I
91.7%
What
91.7%
do
91.7%
I
91.7%
need
91.7%
with
91.7%
love?
91.7%
what
91.7%
I
91.7%
and
91.7%
the
91.7%
I
91.7%
the
91.7%
What
91.7%
do
91.7%
I
91.7%
need
91.7%
with
91.7%
love?
91.7%
a
91.7%
a
91.7%
with
91.7%
a
91.7%
I
91.7%
a
91.7%
What
91.7%
do
91.7%
I
91.7%
need
91.7%
with
91.7%
love?
91.7%
I
91.7%
What
91.7%
do
91.7%
I
91.7%
need
91.7%
with
91.7%
love?
91.7%
the
91.7%
and
91.7%
the
91.7%
I
91.7%
do
91.7%
and-
91.7%
the
91.7%
and
91.7%
the
91.7%
I
91.7%
What
91.7%
do
91.7%
I
91.7%
need
91.7%
with
91.7%
love?
91.7%
I
91.7%
I
91.7%
to
83.3%
you
83.3%
you
83.3%
to
83.3%
you
83.3%
of
83.3%
you-
83.3%
Me.
83.3%
You.
83.3%
to
83.3%
of
83.3%
In
83.3%
of
83.3%
to
83.3%
me
83.3%
of
83.3%
to
83.3%
of
83.3%
to
83.3%
in
83.3%
% Correct
to
83.3%
me.
83.3%
me!
83.3%
you
83.3%
my
79.2%
my
79.2%
I'm
75%
I've
75%
it
75%
I'm
75%
it
75%
That
75%
be
75%
it
75%
it
75%
that
75%
that
75%
I've
75%
it
75%
it
75%
it
75%
I've
75%
want
70.8%
No.
70.8%
No.
70.8%
No.
70.8%
No.
70.8%
who
70.8%
go
70.8%
No
70.8%
know
66.7%
see
66.7%
We.
66.7%
Just
66.7%
just
66.7%
one
66.7%
one
66.7%
them
66.7%
got
66.7%
Got
66.7%
Got
66.7%
Got
66.7%
got
66.7%
is
66.7%
is
66.7%
got
66.7%
know
66.7%
got
66.7%
Got
66.7%
But
66.7%
got
66.7%
ev'ry
62.5%
night
62.5%
good...
62.5%
good...
62.5%
over
62.5%
good...
62.5%
good...
62.5%
not!
62.5%
good...
62.5%
good...
62.5%
Oh,
58.3%
would
58.3%
like
58.3%
show
58.3%
make
58.3%
Wait
58.3%
minute!
58.3%
minute!
58.3%
Joe
58.3%
date
58.3%
different
58.3%
dame.
58.3%
Call
58.3%
each
58.3%
same
58.3%
pet
58.3%
name,
58.3%
'Hey,
58.3%
baby!'
58.3%
row
58.3%
give
58.3%
yucks.
58.3%
other
58.3%
their
58.3%
bleach.
58.3%
happy!
58.3%
Come
58.3%
Other
58.3%
would
58.3%
There
58.3%
there
58.3%
Bad!
58.3%
% Correct
places
54.2%
hardly
54.2%
funny
54.2%
feeling
54.2%
we'd
54.2%
perfect
54.2%
pair
54.2%
sights
54.2%
nights
54.2%
me-ing
54.2%
aim:
54.2%
ducks
54.2%
gals
54.2%
don't
54.2%
mean
54.2%
out
54.2%
easy
54.2%
wash
54.2%
hair
54.2%
way
54.2%
choose,
54.2%
never
54.2%
gonna
54.2%
was
54.2%
must
54.2%
four
54.2%
leaf
54.2%
clover
54.2%
Peter
54.2%
missing
54.2%
footsie.
54.2%
Tootsie!
54.2%
all
54.2%
Tell
54.2%
easy
54.2%
her...
54.2%
hardly
54.2%
now
54.2%
Although
50%
seeing
50%
Loads
50%
loads
50%
Leave
50%
maybe!
50%
Always
50%
preach:
50%
Keep
50%
temptation
50%
reach.
50%
stick
50%
sing
50%
down
50%
blues.
50%
guys
50%
kill
50%
near
50%
miss.
50%
Talk
50%
about
50%
close
50%
shave!
50%
disaster.
50%
someone
50%
up
50%
watching
50%
Talk
50%
about
50%
Rabbit's
50%
roll
50%
without
50%
minister
50%
Without
50%
Although
50%
cooing
45.8%
clucks,
45.8%
practice
45.8%
dolls
45.8%
tied-
45.8%
fill
45.8%
shoes.
45.8%
wing-
45.8%
clipped
45.8%
sappy.
45.8%
Flirted
45.8%
Means
45.8%
Skip
45.8%
breezy
45.8%
Famous
41.7%
vows
41.7%
rot
41.7%
Life
41.7%
Bright-
37.5%
Free
33.3%

You're not logged in!

Compare scores with friends on all Sporcle quizzes.
Join for Free
OR
Log In

You Might Also Like...

Show Comments

Extras

Top Quizzes Today


Score Distribution

Your Account Isn't Verified!

In order to create a playlist on Sporcle, you need to verify the email address you used during registration. Go to your Sporcle Settings to finish the process.

Report this User

Report this user for behavior that violates our Community Guidelines.

Details: